|
|
|
|
| LEADER |
00885naa a2200193 i 4500 |
| 001 |
acta61179 |
| 005 |
20260224081030.0 |
| 008 |
190909s2015 hu o 100 eng d |
| 040 |
|
|
|a SZTE Egyetemi Kiadványok Repozitórium
|b hun
|
| 041 |
|
|
|a eng
|
| 100 |
2 |
|
|a Fritz-Stratmann Annemarie
|
| 245 |
1 |
0 |
|a Intercultural validation of a mathematics competence test for grade 1 children
|h [elektronikus dokumentum] /
|c Fritz-Stratmann Annemarie
|
| 260 |
|
|
|c 2015
|
| 300 |
|
|
|a 57
|
| 490 |
0 |
|
|a Pedagógiai Értékelési Konferencia
|v 13
|
| 695 |
|
|
|a Képességfejlesztés - matematika - általános iskola - előadáskivonat, Értékelés - pedagógiai - előadáskivonat, Mérés - pedagógiai - előadáskivonat
|
| 700 |
0 |
1 |
|a Ehlert Antje
|e aut
|
| 710 |
|
|
|a Pedagógiai Értékelési Konferencia (13.) (2015) (Szeged)
|
| 856 |
4 |
0 |
|u http://acta.bibl.u-szeged.hu/61179/1/pek_2015_057.pdf
|z Dokumentum-elérés
|